[Event "Madrid San Viator op-B 30th"]
[Site "Madrid"]
[Date "2018.06.03"]
[Round "8"]
[White "Bermejo Sevillano, Alberto"]
[Black "Franco Rincon, David"]
[Result "1-0"]
[WhiteElo "1516"]
[BlackElo "1646"]
[PlyCount "83"]
[EventDate "2018.04.08"]
[EventType "swiss"]
[EventRounds "9"]
[EventCountry "ESP"]
[SourceTitle "EXT 2019"]
[Source "ChessBase"]
[SourceDate "2018.10.10"]
[SourceVersion "1"]
[SourceVersionDate "2018.10.10"]
[SourceQuality "1"]

1. d4 Nf6 2. c4 g6 3. Nc3 Bg7 4. Nf3 c5 5. d5 d6 6. e4 0-0 7. Bf4 Re8 8. Be2 a6 9. a4 Nbd7 10. h3 Qa5 11. 0-0 Nh5 12. Bh2 Bxc3 13. bxc3 Qxc3 14. Rc1 Qf6 15. Qd2 Ng7 16. Bf4 Nh5 17. Bh2 Qh8 18. Ng5 Ng7 19. f4 f6 20. Nf3 Rd8 21. e5 fxe5 22. fxe5 dxe5 23. Nxe5 Nf5 24. Nf3 Nd4 25. Bd1 Rf8 26. Qe3 Nf5 27. Qe6+ Kg7 28. Qe2 Re8 29. Ng5 h6 30. Ne6+ Kg8 31. Nc7 Rf8 32. Nxa8 Qd4+ 33. Kh1 Nf6 34. Rf4 Qe3 35. Qxe3 Nxe3 36. Nb6 Bf5 37. Be2 g5 38. Rf3 Nxg2 39. Rxf5 Nh4 40. Re5 Nh7 41. Rf1 Re8 42. Bh5 1-0

[Event "Madrid San Viator op-B 29th"]
[Site "Madrid"]
[Date "2017.10.29"]
[Round "6"]
[White "Franco Rincon, David"]
[Black "Cuadrado Carmona, Javier"]
[Result "1-0"]
[WhiteElo "1686"]
[BlackElo "1195"]
[PlyCount "83"]
[EventDate "2017.09.17"]
[EventType "swiss"]
[EventRounds "9"]
[EventCountry "ESP"]
[SourceTitle "EXT 2019"]
[Source "ChessBase"]
[SourceDate "2018.10.10"]
[SourceVersion "1"]
[SourceVersionDate "2018.10.10"]
[SourceQuality "1"]

1. e4 e5 2. Nf3 Nc6 3. Bc4 Bc5 4. c3 Nf6 5. d3 d6 6. h3 0-0 7. 0-0 h6 8. Nbd2 Re8 9. Re1 Be6 10. b4 Bb6 11. a4 a5 12. b5 Ne7 13. Qb3 Bxc4 14. Nxc4 Ba7 15. Bb2 Ng6 16. g3 Qd7 17. Kg2 Re7 18. Re2 Rae8 19. Nxa5 c6 20. Nc4 d5 21. Ncd2 Kh8 22. Rae1 c5 23. Qc2 d4 24. cxd4 cxd4 25. Rc1 Bb6 26. Nc4 Nh5 27. Nxb6 Nhf4+ 28. Kf1 Qxh3+ 29. Ke1 Qh1+ 30. Ng1 Qxg1+ 31. Kd2 Nxe2 32. Rxg1 Nxg1 33. Nd5 Rd7 34. Qd1 Nh3 35. Qg4 Rxd5 36. exd5 Ng5 37. f4 exf4 38. gxf4 Nh7 39. Bxd4 Rd8 40. f5 Rxd5 41. fxg6 fxg6 42. Qc8+ 1-0

[Event "Madrid San Viator op-B 27th"]
[Site "Madrid"]
[Date "2016.11.06"]
[Round "7"]
[White "Santos Burkholz, Mario"]
[Black "Franco Rincon, David"]
[Result "1-0"]
[WhiteElo "1471"]
[BlackElo "1728"]
[PlyCount "191"]
[EventDate "2016.09.25"]
[EventType "swiss"]
[EventRounds "9"]
[EventCountry "ESP"]
[SourceTitle "EXT 2019"]
[Source "ChessBase"]
[SourceDate "2018.10.10"]
[SourceVersion "1"]
[SourceVersionDate "2018.10.10"]
[SourceQuality "1"]

1. e4 e5 2. Nf3 Nc6 3. Bb5 d6 4. c3 Bd7 5. 0-0 Nf6 6. Re1 Be7 7. d4 exd4 8. cxd4 0-0 9. h3 h6 10. Nc3 Re8 11. Bf4 a6 12. Ba4 b5 13. Bc2 Bf8 14. Qd2 Ne7 15. Rad1 Bc6 16. b4 Bb7 17. Rc1 Ng6 18. Bg3 Qd7 19. Nh4 Ne7 20. Nf3 Rad8 21. Bb3 Ng6 22. Bc2 c5 23. a3 c4 24. Rcd1 Nh5 25. Bh2 Nf6 26. Bg3 Qc8 27. Qc1 Qa8 28. d5 Nd7 29. Nd4 Be7 30. Nf5 Nf6 31. Ne2 Bc8 32. Ned4 Bxf5 33. Nxf5 Bf8 34. Nd4 Rc8 35. Qd2 Nd7 36. Nf5 Qb8 37. Nd4 Qb6 38. Kh1 Qd8 39. Qe3 Ne7 40. Qe2 Nxd5 41. Qf3 N5f6 42. Nf5 Ne5 43. Bxe5 Rxe5 44. Qg3 Nh5 45. Qg4 Qg5 46. Qxg5 hxg5 47. Nxd6 Rc6 48. Nf5 Nf6 49. f3 Nh5 50. Kh2 Nf4 51. g3 Ng6 52. Ne3 Re8 53. Nd5 Rd6 54. Nc7 Red8 55. Nd5 Ne7 56. Nc7 Rd2+ 57. Kg1 Ng6 58. Kf1 Ne5 59. Rxd2 Rxd2 60. Re2 Rd6 61. Kf2 f6 62. Nd5 Kf7 63. Ke3 Ke6 64. f4 gxf4+ 65. gxf4 Nc6 66. Rd2 Kf7 67. Bd1 a5 68. bxa5 Nxa5 69. Nc7 Rb6 70. Rb2 Bxa3 71. Rxb5 Rxb5 72. Nxb5 Bc1+ 73. Kd4 Bxf4 74. Be2 Be5+ 75. Ke3 c3 76. Kd3 Ke6 77. Bg4+ Kf7 78. Nxc3 Bxc3 79. Kxc3 Nc6 80. Kd2 Kg6 81. Ke3 Kg5 82. Bd7 Ne5 83. Be6 Ng6 84. Kf3 Nf4 85. h4+ Kxh4 86. Kxf4 Kh5 87. Bf7+ Kh6 88. Kf5 Kh7 89. Bg6+ Kh6 90. Be8 Kh7 91. Kg4 Kh6 92. Kh4 Kh7 93. Kh5 Kg8 94. Kg6 Kh8 95. Bf7 f5 96. Kxf5 1-0

[Event "Madrid San Viator op-B 26th"]
[Site "Madrid"]
[Date "2016.06.05"]
[Round "9"]
[White "Fernandez Munoz, Jesus Norberto"]
[Black "Franco Rincon, David"]
[Result "0-1"]
[WhiteElo "1399"]
[BlackElo "1721"]
[PlyCount "60"]
[EventDate "2016.04.03"]
[EventType "swiss"]
[EventRounds "9"]
[EventCountry "ESP"]
[SourceTitle "EXT 2017"]
[Source "ChessBase"]
[SourceDate "2016.10.25"]
[SourceVersion "1"]
[SourceVersionDate "2016.10.25"]
[SourceQuality "1"]

1. e4 e5 2. Nf3 Nc6 3. Bc4 Bc5 4. 0-0 Nf6 5. d3 h6 6. a3 d6 7. h3 0-0 8. b4 Bb6 9. Bb3 Be6 10. c4 a5 11. b5 Nd4 12. Ba4 Nd7 13. Nxd4 Bxd4 14. Ra2 f5 15. Nd2 f4 16. Nf3 Bb6 17. Rc2 Nc5 18. Rc3 Bd7 19. Bc2 Ne6 20. a4 Ng5 21. Nxg5 Qxg5 22. g4 h5 23. Kh2 hxg4 24. Rg1 Bxf2 25. Rg2 g3+ 26. Kh1 Bxh3 27. d4 Bxg2+ 28. Kxg2 Qh4 29. Qh1 f3+ 30. Rxf3 Qxh1+ 0-1

[Event "Madrid San Viator op-B 26th"]
[Site "Madrid"]
[Date "2016.04.03"]
[Round "1"]
[White "Garcia Cuadrado, Raul"]
[Black "Franco Rincon, David"]
[Result "0-1"]
[WhiteElo "1494"]
[BlackElo "1721"]
[PlyCount "92"]
[EventDate "2016.04.03"]
[EventType "swiss"]
[EventRounds "9"]
[EventCountry "ESP"]
[SourceTitle "EXT 2017"]
[Source "ChessBase"]
[SourceDate "2016.10.25"]
[SourceVersion "1"]
[SourceVersionDate "2016.10.25"]
[SourceQuality "1"]

1. d4 d5 2. Bf4 Nf6 3. e3 c6 4. h3 Bf5 5. Bd3 Bxd3 6. Qxd3 e6 7. Nf3 Nbd7 8. 0-0 Be7 9. c4 0-0 10. c5 h6 11. b4 a6 12. Nc3 Re8 13. Rfe1 Nf8 14. Ne5 N6d7 15. Rad1 Nxe5 16. dxe5 Ng6 17. Bh2 Bh4 18. e4 Qd7 19. Bg3 Bg5 20. exd5 exd5 21. Na4 Rad8 22. Qd4 Qf5 23. h4 Bf4 24. Bxf4 Nxf4 25. Nc3 Ng6 26. a4 Nxe5 27. Re3 Nc4 28. Rf3 Qe5 29. b5 axb5 30. axb5 Qxd4 31. Rxd4 Re1+ 32. Kh2 Rde8 33. bxc6 bxc6 34. Nd1 R8e4 35. Rfd3 Ne5 36. Rd2 R1e2 37. Ne3 Rxd2 38. Rxd2 Rxh4+ 39. Kg1 Nc4 40. Rc2 Nxe3 41. fxe3 Kf8 42. g3 Rb4 43. Kf2 Ke7 44. Ke2 Ke6 45. Kf2 Ke5 46. Kf3 f5 0-1

[Event "Madrid-ch Previa-B"]
[Site "Madrid"]
[Date "2013.02.02"]
[Round "2"]
[White "Villarroya Samaniego, Javier"]
[Black "Franco Rincon, David"]
[Result "0-1"]
[WhiteElo "1275"]
[BlackElo "1671"]
[PlyCount "84"]
[EventDate "2013.02.01"]
[EventType "swiss"]
[EventRounds "9"]
[EventCountry "ESP"]
[SourceTitle "CBM 152 Extra"]
[Source "ChessBase"]
[SourceDate "2013.02.25"]
[SourceVersion "1"]
[SourceVersionDate "2013.02.25"]
[SourceQuality "1"]

1. Nf3 Nf6 2. d3 Nc6 3. g3 e5 4. Bg2 Be7 5. 0-0 0-0 6. a3 d6 7. Nbd2 h6 8. b4 a6 9. Bb2 Bg4 10. Re1 Qd7 11. Qc1 Nh7 12. c4 f5 13. h3 Bh5 14. Kh2 Nd8 15. Qc3 Bf6 16. Qc2 c6 17. e4 Nf7 18. exf5 Bxf3 19. Nxf3 Qxf5 20. Re2 Nhg5 21. Nxg5 Nxg5 22. Rf1 Ne6 23. Re4 g5 24. g4 Qg6 25. Qd2 Rf7 26. f3 Rd8 27. Rc1 Rfd7 28. Rd1 Ra8 29. Qf2 a5 30. Ra1 Nf4 31. Qd2 d5 32. cxd5 Rxd5 33. bxa5 Nxd3 34. Rb1 Nc5 35. Qe1 Nxe4 36. fxe4 Rdxa5 37. Rd1 Qf7 38. Rd3 Qc7 39. Qd2 Rd8 40. Rxd8+ Qxd8 41. Qb4 Rb5 42. Qc3 Qd4 0-1